000 00265nam a22001217a 4500
082 _a303.6250954 DHA V1
100 _aDharkar, Anil
245 _aCrime Against Humanity
260 _aMumbai
_bAnil Dharkar
_c200
300 _a302
650 _aViolence
942 _cBK
999 _c21140
_d21140